Toán 7 Song ngữ Việt - Anh T.1

Uloženo v:
Podrobná bibliografie
Další autoři: Hoàng, Anh Nhi (Hiệu đính), Vũ, Hữu Bình, Tôn, Thân, Trần, Đức Huyên (ch.b), Trần, Luận (Dịch), Nguyễn, Đặng Trí Tín, Phan, Đức Chính (Dịch), Phạm, Gia Đức (Tổng ch.b)
Médium: Kniha
Vydáno: Hà Nội Giáo dục 2015
Vydání:Tái bản lần thứ 1
Témata:
Tagy: Přidat tag
Žádné tagy, Buďte první, kdo otaguje tento záznam!
Thư viện lưu trữ: Trung tâm Học liệu Lê Vũ Hùng, Trường Đại học Đồng Tháp
LEADER 01415pam a22004098a 4500
001 00034364
005 20171026081025.0
008 160804s2015 ||||||Engsd
020 # # |c 34000  |a 9786040040428 
041 0 # |a Eng - vie 
082 1 # |a 510.71  |b T406B 
245 0 0 |a Toán 7  |c Phan Đức Chính (tổng ch.b)...[và nh. ng. khác]  |n T.1  |b Song ngữ Việt - Anh 
246 2 1 |a Mathematics 7. Volume 1 
250 # # |a Tái bản lần thứ 1 
260 # # |a Hà Nội  |b Giáo dục  |c 2015 
300 # # |a 143 tr.  |b hình vẽ  |c 29 cm. 
500 # # |a ĐTTS ghi: Bộ Giáo dục và Đào tạo. Ministry of Education and Training 
650 |a Lớp 7 
650 |a Sách giáo khoa 
650 |a Toán 
700 1 # |a Hoàng, Anh Nhi  |e Hiệu đính 
700 1 # |a Vũ, Hữu Bình 
700 1 # |a Tôn, Thân  |e ch.b 
700 1 # |a Trần, Đức Huyên  |e Dịch 
700 1 # |a Trần, Luận 
700 1 # |a Nguyễn, Đặng Trí Tín  |e Dịch 
700 1 # |a Phan, Đức Chính  |e Tổng ch.b 
700 1 # |a Phạm, Gia Đức 
852 # # |b Kho mượn  |j KGT.0050159 
852 # # |b Kho giáo trình  |j KGT.0050159 
852 # # |j KD.0017012  |j KGT.0050159 
852 # # |b Kho đọc  |j KD.0017012 
910 |d 04/08/2016 
980 # # |a Trung tâm Học liệu Lê Vũ Hùng, Trường Đại học Đồng Tháp